000 00423nam a2200145Ia 4500
999 _c29021
_d29021
008 250310s9999||||xx |||||||||||||| ||und||
041 _ahin
082 _a891.43
_bM1784
100 _96138
_aMadan, Indranath
245 0 _aMahadevi /
_cBy Indranath Madan
245 0 _aमहादेवी /
_cइंद्रनाथ मदन
260 _aDelhi :
_bRadhakrishna prakashan,
_c2005.
300 _a229 p.
942 _cBK
_2ddc